[Event "Nikaia op-A 20th"]
[Site "Nikea"]
[Date "2012.08.26"]
[Round "1.8"]
[White "Abatzis, Antonios"]
[Black "Karagiannis, Athanasios"]
[Result "0-1"]
[WhiteElo "1858"]
[BlackElo "2291"]
[PlyCount "98"]
[EventDate "2012.08.26"]
[EventType "swiss"]
[EventRounds "9"]
[EventCountry "GRE"]
[SourceTitle "EXT 2024"]
[Source "ChessBase"]
[SourceDate "2023.10.10"]
[SourceVersion "1"]
[SourceVersionDate "2023.10.10"]
[SourceQuality "1"]

1. e4 Nc6 2. d4 e5 3. Nf3 exd4 4. Nxd4 Qh4 5. Nc3 Bb4 6. Be3 Bxc3+ 7. bxc3 Qxe4 8. Be2 Nf6 9. Nb5 Kd8 10. 0-0 a6 11. Nd4 Nxd4 12. Bxd4 Qe6 13. Re1 Re8 14. Qd3 d6 15. Bf1 Qxe1 16. Rxe1 Rxe1 17. f3 Be6 18. c4 b5 19. Qc3 Rb1 20. Kf2 Ne8 21. cxb5 axb5 22. Qc6 Ra5 23. Bc3 Rxa2 24. Bxb5 Rxb5 25. Qxb5 Rxc2+ 26. Kg3 Rxc3 27. Qb8+ Ke7 28. Qb7 Nf6 29. Kf2 Rc2+ 30. Kg1 g5 31. h3 h5 32. Qb1 Rc4 33. Kh2 g4 34. hxg4 hxg4 35. Qb7 gxf3 36. Qxf3 Ng4+ 37. Kg3 Ne5 38. Qe3 Rg4+ 39. Kf2 c5 40. Qa3 Rf4+ 41. Kg3 Rd4 42. Qa5 Rd3+ 43. Kh4 c4 44. Kh5 c3 45. Kh6 Rg3 46. Qa7+ Bd7 47. Qa2 Ng4+ 48. Kh5 Nf6+ 49. Kh6 Rg6# 0-1

[Event "GRE-ch U16"]
[Site "Kallithea"]
[Date "2009.06.30"]
[Round "8"]
[White "Serntedakis, Athanasios"]
[Black "Abatzis, Antonios"]
[Result "1-0"]
[WhiteElo "1904"]
[BlackElo "1734"]
[PlyCount "71"]
[EventDate "2009.06.25"]
[EventType "swiss"]
[EventRounds "9"]
[EventCountry "GRE"]
[SourceTitle "EXT 2011"]
[Source "ChessBase"]
[SourceDate "2010.11.26"]
[SourceVersion "1"]
[SourceVersionDate "2010.11.26"]
[SourceQuality "1"]

1. e4 c6 2. d4 d5 3. e5 Bf5 4. Nc3 e6 5. g4 Bg6 6. Nge2 Nd7 7. Bg2 Ne7 8. f4 h5 9. h3 hxg4 10. hxg4 Rxh1+ 11. Bxh1 a6 12. Be3 Qc7 13. Qd2 c5 14. a3 c4 15. Ng3 0-0-0 16. f5 Bh7 17. Bf3 b5 18. Kf2 Nb6 19. Rh1 Bg8 20. Bg5 Re8 21. Rh8 f6 22. exf6 gxf6 23. Bxf6 Nc6 24. Rxg8 Qf7 25. Qg5 e5 26. dxe5 Bc5+ 27. Kg2 Rxg8 28. Qf4 Nd4 29. g5 Nxf3 30. Qxf3 Be7 31. g6 Qe8 32. Nxd5 Nxd5 33. Qxd5 Bxf6 34. exf6 Rxg6 35. fxg6 Qxg6 36. Qf5+ 1-0

[Event "GRE-ch U16"]
[Site "Kallithea"]
[Date "2009.06.25"]
[Round "1"]
[White "Abatzis, Antonios"]
[Black "Pappelis, Dimitrios"]
[Result "1-0"]
[WhiteElo "1734"]
[BlackElo "1985"]
[PlyCount "69"]
[EventDate "2009.06.25"]
[EventType "swiss"]
[EventRounds "9"]
[EventCountry "GRE"]
[SourceTitle "EXT 2011"]
[Source "ChessBase"]
[SourceDate "2010.11.26"]
[SourceVersion "1"]
[SourceVersionDate "2010.11.26"]
[SourceQuality "1"]

1. e4 c5 2. c3 Qa5 3. f4 Nc6 4. Nf3 Nf6 5. d3 d5 6. e5 Ng4 7. h3 Nh6 8. g4 f6 9. Bg2 Nf7 10. Qb3 e6 11. exf6 gxf6 12. 0-0 Bd7 13. d4 0-0-0 14. Be3 c4 15. Qc2 e5 16. fxe5 fxe5 17. Nbd2 Be7 18. b4 Qc7 19. Nxe5 Nfxe5 20. dxe5 Nxe5 21. Bf4 Qb6+ 22. Kh1 Nd3 23. Bg3 h5 24. Rf7 hxg4 25. Rxe7 gxh3 26. Bxd5 Rdg8 27. Nxc4 Qg6 28. Bxb7+ Kd8 29. Re3 Bc6+ 30. Bxc6 Qxc6+ 31. Kh2 Re8 32. Qxd3+ Kc8 33. Nd6+ Kb8 34. Rxe8+ Rxe8 35. Qb5+ 1-0